书目信息 |
| 题名: |
词汇学简论
|
|
| 作者: | 张永言 著 | |
| 分册: | ||
| 出版信息: | 武昌 华中工学院出版社 1982.09 |
|
| 页数: | 131页 | |
| 开本: | 21cm | |
| 丛书名: | ||
| 单 册: | ||
| 中图分类: | H03 | |
| 科图分类: | ||
| 主题词: | 语义学 , 词汇学 | |
| 电子资源: | ||
| ISBN: | ||
| 000 | 00528nam0 2200205 45 | |
| 001 | 0404240956 | |
| 005 | 20060815172110.50 | |
| 010 | @dCNY0.80 | |
| 091 | @a9255.003 | |
| 100 | @a20040424d1982 km y0chiy0120 ea | |
| 101 | 0 | @achi |
| 200 | 1 | @a词汇学简论@ACi Hui Xue Jian Lun@f张永言著@FZhang Yong Yan Zhu |
| 210 | @a武昌@c华中工学院出版社@d1982.09 | |
| 215 | @a131页@d21cm | |
| 606 | 0 | @a语义学 |
| 606 | 0 | @a词汇学 |
| 690 | @aH03@v3 | |
| 701 | 0 | @a张永言@4著 |
| 801 | @aCN@bPftUser@c20060815 | |
| 905 | @f4@b173480-483@dH03@e16 | |
| 词汇学简论/张永言著.-武昌:华中工学院出版社,1982.09 |
| 131页;21cm |
| ISBN :CNY0.80 |
| ● |
| 相关链接 |
|
|
|
|
正题名:词汇学简论
索取号:H03/16
 
预约/预借
| 序号 | 登录号 | 条形码 | 馆藏地/架位号 | 状态 | 备注 |
| 1 | 0173480 | 000820650 | 密集书库/ [索取号:H03/16] | 在馆 | |
| 2 | 0173481 | 000820614 | 第四借阅区/ [索取号:H03/16] | 在馆 | |
| 3 | 0173482 | 000820641 | 密集书库/ [索取号:H03/16] | 在馆 | |
| 4 | 0173483 | 000820632 | 第四借阅区/ [索取号:H03/16] | 在馆 | |
| 5 | 0173484 | 000820623 | 第二样本阅览室/ [索取号:H03/16] | 在馆 | |
| 6 | 0436347 | 204363474 | 密集书库/ [索取号:H03/16] | 在馆 | |
| 7 | 0436348 | 204363483 | 密集书库/ [索取号:H03/16] | 在馆 | |
| 8 | 0436484 | 204364847 | 密集书库/ [索取号:H03/16] | 在馆 | |
| 9 | 0447190 | 204471909 | 密集书库/ [索取号:H03/16] | 在馆 | |
| 10 | 0462946 | 204629465 | 密集书库/ [索取号:H03/16] | 在馆 |